FIFA World Cup 2026 - Curaçao Squad - Statistics

General Stats
  • This quiz has been taken 7 times
  • The average score is 4 of 27
Answer Stats
Team # Position Club/Country Player % Correct
Curaçao 7 CM FC Volendam Juninho Bacuna
100%
Curaçao 10 CM Igdir FK Leandro Bacuna
100%
Curaçao Manager Netherlands Dick Advocaat
57%
Curaçao 9 ST Miami FC Jürgen Locadia
43%
Curaçao 21 AM Sheffield United Tahith Chong
43%
Curaçao 16 LW SK Beveren Jearl Margaritha
29%
Curaçao 18 CB PSV Eindhoven Armando Obispo
14%
Curaçao 1 GK Miami FC Eloy Room
14%
Curaçao 11 LW AE Kifisia Jeremy Antonisse
14%
Curaçao 3 CB Abha Club Juriën Gaari
14%
Curaçao 8 RB FC Zürich Livano Comenencia
14%
Curaçao 15 RW Rotherham United Ar'jany Martha
0%
Curaçao 17 RW FC Volendam Brandley Kuwas
0%
Curaçao 24 CB NEC Nijmegen Deveron Fonville
0%
Curaçao 19 ST Terengganu FC Gervane Kastaneer
0%
Curaçao 6 DM RKC Waalwijk Godfried Roemeratoe
0%
Curaçao 20 RB Kayserispor Joshua Brenet
0%
Curaçao 14 LW Maccabi Haifa Kenji Gorré
0%
Curaçao 22 DM FC Den Bosch Kevin Felida
0%
Curaçao 23 CB Konyaspor Riechedly Bazoer
0%
Curaçao 4 CB RKC Waalwijk Roshon van Eijma
0%
Curaçao 5 LB PEC Zwolle Sherel Floranus
0%
Curaçao 2 RB Sparta Rotterdam Shurandy Sambo
0%
Curaçao 12 RW Middlesbrough FC Sontje Hansen
0%
Curaçao 26 GK VVV-Venlo Trevor Doornbusch
0%
Curaçao 13 RM SC Telstar Tyrese Noslin
0%
Curaçao 25 GK SC Telstar Tyrick Bodak
0%
No matching quizzes found
Score Distribution
Percent of People with Each Score
Percentile by Number Answered
Your Score History
You have not taken this quiz